ბათუმის შოთა რუსთაველის სახელმწიფო უნივერსიტეტის ბიბლიოთეკა

სამედიცინო ფიზიკა და ბიოფიზიკა : (ბიბ.ჩანაწერი № 55607)

000 -ლიდერი
ფიქსირებული სიგრძის საკონტროლო ველი 01788nam a2200301Ia 4500
001 - საკონტროლო ნომერი
საკონტროლო ველი 22702
003 - საკონტროლო ნომრის იდენტიფიკატორი
საკონტროლო ველი GE_BSU
005 - ბოლო ოპერაციის თარიღი და დრო
საკონტროლო ველი 20230424111144.0
008 - ფიქსირებული სიგრძის მონაცემთა ელემენტები - ზოგადი ინფორმაცია
ფიქსირებული სიგრძის საკონტროლო ველი 181216s ||||ge |||||||||||||| ||geo||
020 ## - წიგნის საერთაშორისო სტანდარტული ნომერი
International Standard Book Number 9789941091681:9789941091698
040 ## - კატალოგიზაციის წყარო
Transcribing agency GE_BSU
041 ## - ენის კოდი
Language code of text/sound track or separate title geo
080 ## - უნივერსალური ათობითი კლასიფიკაციის ინდექსი
Universal Decimal Classification number 61(075.8) ს-26
100 ## - მთავარი ჩანაწერი - პიროვნების სახელი
Personal name სანიკიძე, თამარ
9 (RLIN) 17745
245 ## - ცნობა სათაურის შესახებ
Title სამედიცინო ფიზიკა და ბიოფიზიკა :
Remainder of title ტ.1 [სახელმძღვანელო] /
Statement of responsibility, etc თამარ სანიკიძე ; მეორე გამოც. რედ. თემურ ნანეიშვილი.
264 ## - წარმოების, გამოცემის, დისტრიბუციის და სხვა ცნობები
გამოცემის, წარმოების, დისტრიბუციის... ადგილი თბილისი :
გამოცემის, წარმოების, დისტრიბუციის... სახელწოდება [საქ. მეცნ. ეროვნული აკადემიის სტამბა],
გამოცემის, წარმოების, დისტრიბუციის... თარიღი 2016.
300 ## - ფიზიკური აღწერა
Extent 255 გვ. :
Other physical details ილ. ;
Dimensions 29 სმ.
500 ## - ზოგადი შენიშვნა
General note სახელმძღვანელო გათვალისწინებულია მედიკოსი და ბიოლოგი სტუდენტებისა და საბუნებიმეტყველო მეცნიერებით დაინტერესებული სპეციალისტებისათვის
501 ## - შენიშვნა თანმხლებ მასალაზე
With note საგნობრივი საძ.გვ. : 250-253
504 ## - BIBLIOGRAPHY, ETC. NOTE
Bibliography, etc ბიბლიოგრ. : გვ. 255
653 ## - INDEX TERM--UNCONTROLLED
Uncontrolled term მედიცინა
653 ## - INDEX TERM--UNCONTROLLED
Uncontrolled term სამედიცინო ფიზიკა და ბიოფიზიკა : ტ.1
653 ## - INDEX TERM--UNCONTROLLED
Uncontrolled term სამედიცინო ფიზიკა
653 ## - INDEX TERM--UNCONTROLLED
Uncontrolled term ბიოფიზიკა
700 ## - ADDED ENTRY--PERSONAL NAME
Personal name ნანეიშვილი, თემურ
Relator term რედაქტორი
9 (RLIN) 12702
942 ## - ADDED ENTRY ELEMENTS (KOHA)
Koha item type წიგნი
Source of classification or shelving scheme
ეგზემპლარები
ჩამოწერის სტატუსი დაკარგული ეგზემპლარის სტატუსი კლასიფიკაციის წყარო ან თაროზე გაწყობის სქემა დაზიანების სტატუსი არ გაიცემა მუდმივი მდებარეობა (დაცვის ადგილი) ამჟამინდელი ადგილსამყოფელი თაროზე განთავსების ადგილი შეძენის თარიღი ღირებულება, შესყიდვის ნორმალური ფასი სრული შენახვის შიფრი შტრიხკოდი ბოლო ოპერაციის თარიღი ეგზემპლარის მიმდევრობითი ნომერი (კეტერი?) ფასის ძალაში შესვლის თარიღი ეგზემპლარის სახეობა საჯარო შენიშვნა
          ბათუმის შოთა რუსთაველის სახელმწიფო უნივერსიტეტის მთავარი ბიბლიოთეკა ბათუმის შოთა რუსთაველის სახელმწიფო უნივერსიტეტის მთავარი ბიბლიოთეკა წიგნსაცავი 2018-12-17 10.00 61(075.8) ს-26 58119 2018-12-17 58119 2018-12-17 წიგნი 10.00 ₾.